[Event "Falconara Marche Estate op-A 3rd"]
[Site "Falconara Marittima"]
[Date "2008.06.??"]
[Round "3"]
[White "Giacometti, Carlo"]
[Black "Borgiani, Flavio"]
[Result "0-1"]
[WhiteElo "2063"]
[BlackElo "2215"]
[PlyCount "88"]
[EventDate "2008.06.21"]
[EventType "swiss"]
[EventRounds "6"]
[EventCountry "ITA"]
[SourceTitle "EXT 2010"]
[Source "ChessBase"]
[SourceDate "2010.11.25"]
[SourceVersion "1"]
[SourceVersionDate "2010.11.25"]
[SourceQuality "1"]

1. d4 d6 2. c4 Nf6 3. Nc3 Bf5 4. Qb3 Qc8 5. Nf3 h6 6. g3 Nbd7 7. Bg2 c6 8. Nh4 Bh7 9. e4 e6 10. f4 e5 11. Qd1 Be7 12. f5 0-0 13. d5 cxd5 14. cxd5 Qc4 15. Qe2 Rfc8 16. Qxc4 Rxc4 17. Bf1 Rxc3 18. bxc3 Nxe4 19. c4 Bxh4 20. gxh4 Bxf5 21. Rg1 Kh7 22. a4 a5 23. Bd3 Ndc5 24. Bc2 Bd7 25. Be3 f5 26. Bxe4 Nxe4 27. Rb1 Bc8 28. Rb6 Ra6 29. Rxa6 bxa6 30. Bb6 Bd7 31. Bxa5 Bxa4 32. Ke2 f4 33. Kf3 Bc2 34. Bb4 g5 35. hxg5 hxg5 36. Re1 Nf6 37. Bxd6 e4+ 38. Kg2 e3 39. Bxf4 Be4+ 40. Kg3 Nh5+ 41. Kg4 gxf4 42. d6 Kg6 43. Rg1 Bc6 44. Kh4+ Kh6 0-1